<?xml version="1.0" encoding="UTF-8"?>
<record
    xmlns:xsi="http://www.w3.org/2001/XMLSchema-instance"
    xsi:schemaLocation="http://www.loc.gov/MARC21/slim http://www.loc.gov/standards/marcxml/schema/MARC21slim.xsd"
    xmlns="http://www.loc.gov/MARC21/slim">

  <leader>03369nam a2200589Ia 4500</leader>
  <controlfield tag="001">6509</controlfield>
  <controlfield tag="008">241029s9999    xx            000 0 und d</controlfield>
  <datafield tag="010" ind1=" " ind2=" ">
    <subfield code="a">6140</subfield>
  </datafield>
  <datafield tag="041" ind1=" " ind2=" ">
    <subfield code="a">Espa&#xF1;ol</subfield>
  </datafield>
  <datafield tag="082" ind1=" " ind2=" ">
    <subfield code="a">FCE-00220</subfield>
  </datafield>
  <datafield tag="245" ind1=" " ind2="0">
    <subfield code="a">Estrategias pedag&#xF3;gicas para el uso de aplicaciones m&#xF3;viles como herramientas did&#xE1;cticas del proceso ense&#xF1;anza aprendizaje de Contabilidad en tercer grado de nivel medio, Liceo T&#xE9;cnico Luis Ernesto G&#xF3;mez Uribe, enero-junio 2018</subfield>
  </datafield>
  <datafield tag="260" ind1=" " ind2=" ">
    <subfield code="a">Santiago</subfield>
  </datafield>
  <datafield tag="300" ind1=" " ind2=" ">
    <subfield code="a">127</subfield>
  </datafield>
  <datafield tag="520" ind1=" " ind2=" ">
    <subfield code="a">71</subfield>
  </datafield>
  <datafield tag="630" ind1=" " ind2=" ">
    <subfield code="a">Metodolog&#xED;a de Ense&#xF1;anza</subfield>
  </datafield>
  <datafield tag="630" ind1=" " ind2=" ">
    <subfield code="a">Nuevas tecnolog&#xED;as</subfield>
  </datafield>
  <datafield tag="630" ind1=" " ind2=" ">
    <subfield code="a">Proceso de Ense&#xF1;anza-Aprendizaje</subfield>
  </datafield>
  <datafield tag="630" ind1=" " ind2=" ">
    <subfield code="a">Propuesta Metodol&#xF3;gica</subfield>
  </datafield>
  <datafield tag="630" ind1=" " ind2=" ">
    <subfield code="a">Recursos Tecnol&#xF3;gicos</subfield>
  </datafield>
  <datafield tag="650" ind1=" " ind2=" ">
    <subfield code="a">Tecnolog&#xED;a Educativa</subfield>
  </datafield>
  <datafield tag="690" ind1=" " ind2=" ">
    <subfield code="a">Copiado sin cambios</subfield>
  </datafield>
  <datafield tag="700" ind1=" " ind2=" ">
    <subfield code="e">asesor</subfield>
    <subfield code="a"> Cabrera, Ceferina </subfield>
  </datafield>
  <datafield tag="700" ind1=" " ind2=" ">
    <subfield code="e">autor</subfield>
    <subfield code="a"> Reynoso de los Santos, Cinthia Margarita</subfield>
  </datafield>
  <datafield tag="700" ind1=" " ind2=" ">
    <subfield code="e">autor</subfield>
    <subfield code="a"> Alonzo Capell&#xE1;n, Mario Humberto</subfield>
  </datafield>
  <datafield tag="700" ind1=" " ind2=" ">
    <subfield code="e">autor</subfield>
    <subfield code="a">Paulino Mor&#xE1;n, Rossy Abrangelina</subfield>
  </datafield>
  <datafield tag="901" ind1=" " ind2=" ">
    <subfield code="a">{"1":" Reynoso de los Santos","2":" Alonzo Capell&#xE1;n","3":"Paulino Mor&#xE1;n"}</subfield>
    <subfield code="b">{"1":"Cinthia Margarita","2":"Mario Humberto","3":"Rossy Abrangelina"}</subfield>
  </datafield>
  <datafield tag="902" ind1=" " ind2=" ">
    <subfield code="a">1</subfield>
  </datafield>
  <datafield tag="903" ind1=" " ind2=" ">
    <subfield code="a">{"1":" Cabrera"}</subfield>
    <subfield code="b">{"1":"Ceferina "}</subfield>
  </datafield>
  <datafield tag="904" ind1=" " ind2=" ">
    <subfield code="a">Maestr&#xED;a en</subfield>
  </datafield>
  <datafield tag="905" ind1=" " ind2=" ">
    <subfield code="a">Gesti&#xF3;n de la Tecnolog&#xED;a Educativa</subfield>
  </datafield>
  <datafield tag="906" ind1=" " ind2=" ">
    <subfield code="a">2</subfield>
  </datafield>
  <datafield tag="907" ind1=" " ind2=" ">
    <subfield code="a">NO APLICA</subfield>
  </datafield>
  <datafield tag="908" ind1=" " ind2=" ">
    <subfield code="a">NO APLICA</subfield>
  </datafield>
  <datafield tag="909" ind1=" " ind2=" ">
    <subfield code="a">Universidad Abierta para Adultos (UAPA), Recinto Santiago</subfield>
  </datafield>
  <datafield tag="910" ind1=" " ind2=" ">
    <subfield code="a">NULL</subfield>
    <subfield code="b">NULL</subfield>
  </datafield>
  <datafield tag="911" ind1=" " ind2=" ">
    <subfield code="a">["1"]</subfield>
  </datafield>
  <datafield tag="912" ind1=" " ind2=" ">
    <subfield code="a">NO APLICA</subfield>
  </datafield>
  <datafield tag="913" ind1=" " ind2=" ">
    <subfield code="a">NULL</subfield>
  </datafield>
  <datafield tag="914" ind1=" " ind2=" ">
    <subfield code="a">22 de Marzo de 2018</subfield>
  </datafield>
  <datafield tag="915" ind1=" " ind2=" ">
    <subfield code="a">03/11/19 02:11</subfield>
  </datafield>
  <datafield tag="916" ind1=" " ind2=" ">
    <subfield code="a">NULL</subfield>
  </datafield>
  <datafield tag="917" ind1=" " ind2=" ">
    <subfield code="a">NULL</subfield>
  </datafield>
  <datafield tag="918" ind1=" " ind2=" ">
    <subfield code="a">NO APLICA</subfield>
  </datafield>
  <datafield tag="919" ind1=" " ind2=" ">
    <subfield code="a">["139","228","163","216","218"]</subfield>
  </datafield>
  <datafield tag="520" ind1=" " ind2=" ">
    <subfield code="a">En la actualidad gran parte de las personas tenemos acceso a dispositivos m&#xF3;viles, ya sean celulares inteligentes o tabletas. En estos equipos port&#xE1;tiles podemos tener diversas aplicaciones dependiendo de las necesidades y los gustos de cada usuario. Por tal raz&#xF3;n y por la gran difusi&#xF3;n que han tenido en gran parte de la poblaci&#xF3;n, existen muchas disciplinas que han adoptado el uso de estos dispositivos m&#xF3;viles y el sector educaci&#xF3;n ha sido uno de ellos.&#xA0;Existe una gran diversidad de aplicaciones que han sido creadas con fines pedag&#xF3;gicos, las cuales han venido a revolucionar la labor docente y nos proporcionan una gran cantidad de m&#xE9;todos y estrategias para impartir las clases. Por tanto, el prop&#xF3;sito de esta investigaci&#xF3;n es desarrollar estrategias pedag&#xF3;gicas para el uso de dispositivos m&#xF3;viles como herramientas did&#xE1;cticas del proceso ense&#xF1;anza aprendizaje de Contabilidad en tercer grado de nivel medio, Liceo T&#xE9;cnico Luis Ernesto G&#xF3;mez Uribe, enero-junio 2018, para aumentar el logro de las competencias por parte de los estudiantes.&#xA0;Para obtener la efectividad en el estudio, se plante&#xF3; capacitar a los docentes sobre la importancia de los dispositivos m&#xF3;viles en el aula, utilizar aplicaciones m&#xF3;viles dise&#xF1;adas para el &#xE1;rea de contabilidad y empoderar a los maestros en el uso de las aplicaciones m&#xF3;viles. Para dar respuestas a estos objetivos se realiz&#xF3; un proyecto tipo investigaci&#xF3;n-acci&#xF3;n, en con un enfoque cualitativo.</subfield>
  </datafield>
  <datafield tag="921" ind1=" " ind2=" ">
    <subfield code="a">69</subfield>
  </datafield>
  <datafield tag="922" ind1=" " ind2=" ">
    <subfield code="a">69</subfield>
  </datafield>
  <datafield tag="923" ind1=" " ind2=" ">
    <subfield code="a">1</subfield>
  </datafield>
  <datafield tag="924" ind1=" " ind2=" ">
    <subfield code="a">20191030010555</subfield>
  </datafield>
  <datafield tag="942" ind1=" " ind2=" ">
    <subfield code="c">Tesis</subfield>
  </datafield>
  <datafield tag="999" ind1=" " ind2=" ">
    <subfield code="c">6140</subfield>
    <subfield code="d">6140</subfield>
  </datafield>
</record>
